| 000 | 00723nam a2200253Ia 4500 | ||
|---|---|---|---|
| 003 | OSt | ||
| 005 | 20220924114501.0 | ||
| 006 | a|||||r|||| 00| 0 | ||
| 007 | ta | ||
| 008 | 220923b |||||||| |||| 00| 0 ara d | ||
| 024 | _a342812 | ||
| 037 | _cTextual | ||
| 040 |
_aARTS _cARTS _bara |
||
| 041 |
_2ara _aara |
||
| 082 | _aQ7:21:g(P,1), 28M4 | ||
| 100 |
_aSaidul Dani Omar Osman Au. _9173822 |
||
| 245 | 0 | _aKitab-al-taysir fi al qira'at-i-al siba | |
| 260 |
_aBeirut _bDar-al-kitab-al-Arabi Lebanon _c1984 |
||
| 300 |
_a228p. _ccm. |
||
| 650 | _a RELIGION | ||
| 650 |
_aISLAM _9577 |
||
| 942 |
_hQ7:21:g(P,1), 28M4 _cTEXL _2CC |
||
| 999 |
_c393800 _d393800 |
||